header

From Krakow to Krypton (Record no. 95321)

MARC details
000 -LEADER
fixed length control field 02430nam a22003494a 4500
082 04 - DEWEY DECIMAL CLASSIFICATION NUMBER
Classification number 741.5/973089924
100 1# - MAIN ENTRY--AUTHOR NAME
Personal name Kaplan, Arie.
245 10 - TITLE STATEMENT
Title From Krakow to Krypton
250 ## - EDITION STATEMENT
Edition statement 1st ed.
260 ## - PUBLICATION, DISTRIBUTION, ETC. (IMPRINT)
Place of publication Philadelphia :
Name of publisher Jewish Publication Society,
Year of publication 2008.
300 ## - PHYSICAL DESCRIPTION
Number of Pages xiv, 225 p. :
Other physical details col. ill.
505 0# - FORMATTED CONTENTS NOTE
Formatted contents note pt. 1. The Golden Age (1933-1955): the birth of the comics. ch. 1. Famous funnies -- ch. 2. Leger and Reuths -- ch. 3. Supergolem -- ch. 4. Attack of the clones -- ch. 5. People of the (comic) book -- ch. 6. The spirit of the times -- ch. 7. The Leaden Age -- ch. 8. Why we fight -- ch. 9. New trends and innocent seducers -- pt. 2. The Silver Age (1956-1978): the growth and development of Jewish comics. ch. 10. Super family values -- ch. 11. Broome makes a clean sweep -- ch. 12. Stan and Jack -- ch. 13. The superhero from Queens -- ch. 14. Courting the college crowd -- ch. 15. Outsider heroes -- ch. 16. Openly Jewish, openly heroic -- ch. 17. Kirby's fourth world -- ch. 18. Notes from the underground -- ch. 19. From novel graphics to graphic novels -- pt. 3. The Bronze Age (1979-the present): comics in the modern world. ch. 20. From comix to graphix -- ch. 21. The Maus that art built -- ch. 22. A graphic approach to Jewish history -- ch. 23. The Martian Jew -- ch. 24. Children of the atom--and Eve -- ch. 25. Vertigo visions -- ch. 26. Up, up, and away--but where to?
650 #0 - SUBJECT ADDED ENTRY--TOPICAL TERM
Topical Term Comic books, strips, etc.
Topical Term Jewish cartoonists
Topical Term Jews
856 40 - ELECTRONIC LOCATION AND ACCESS
Uniform Resource Identifier http://site.ebrary.com/lib/rucke/Doc?id=10397778

No items available.

© 2026 Rongo University
Contact us: librarian | system librarian | Rongo university